Vista normal Vista MARC

Entrada Materia (geográfica)

Número de registros utilizados en: 1

001 - CONTROL NUMBER

  • control field: 28029

003 - CONTROL NUMBER IDENTIFIER

  • control field: Co-BoUCM

005 - DATE AND TIME OF LATEST TRANSACTION

  • control field: 20130211134238.0

008 - FIXED-LENGTH DATA ELEMENTS

  • fixed length control field: 130211|| aca||aabn | a|a d

040 ## - CATALOGING SOURCE

  • Original cataloging agency: Co-BoUCM
  • Transcribing agency: Co-BoUCM

151 ## - HEADING--GEOGRAPHIC NAME

  • Geographic name: Hiroshima
  • General subdivision: Historia
  • Chronological subdivision: 1945

670 ## - SOURCE DATA FOUND

  • Source citation: Work cat.: (Co-BoUCM)0: Oé, Kenzaburo 1935- 28027, Cuadernos de Hiroshima, 2011